000 01103cam a2200301 a 4500
999 _c6482
_d6482
001 4828116
003 OSt
005 20200128102552.0
008 891204s1989 enk b 001 0 eng
010 _a 89213172
020 _a0415011159 (pbk.)
020 _a0415011140 (hard)
040 _aDLC
_cDLC
_dDLC
043 _ae-uk---
082 0 0 _a371.102
_220
_bNIA 1989
100 1 _aNias, Jennifer.
_913322
245 1 0 _aPrimary teachers talking :
_ba study of teaching as work /
_cJennifer Nias.
260 _aLondon ;
_aNew York :
_bRoutledge,
_c1989.
300 _aviii, 232 p. ;
_c22 cm.
504 _aIncludes bibliographical references (p. 215-225).
650 0 _aElementary school teachers
_zGreat Britain
_xPsychology.
_913323
650 0 _aTeachers
_xJob satisfaction
_zGreat Britain.
_913324
650 0 _aInterpersonal relations.
_92275
856 4 2 _3Publisher description
_uhttp://www.loc.gov/catdir/enhancements/fy0648/89213172-d.html
906 _a7
_bcbc
_corignew
_d3
_encip
_f19
_gy-gencatlg
942 _2ddc
_cO_SHELF